Análisis de bombas radiales

El objetivo fundamental del presente trabajo consiste en un análisis de los principales parámetros de diseño que influyen sobre las curvas características de una bomba centrífuga. Construcción de las curvas características de los cinco rodetes del banco de pruebas Bomba/Turbina con todas las...

Full description

Bibliographic Details
Main Author: Ruíz Calderón, Juan José
Other Authors: Tutor: Sonzini Meroi, Luis E.
Format: Tesis Section = Libro
Language:Undetermined
Spanish
Published: Managua UNI 1995
Subjects:
LEADER 01105nam a2200217Ia 4500
008 240830s9999 xx 000 0 und d
040 |a BIBLIOTECA-RUPAP Mon 621.252 R934 
041 |a spa 
082 |a Mon 621.252 R934 
100 1 |a Ruíz Calderón, Juan José 
245 1 0 |a Análisis de bombas radiales 
260 |a Managua  |b UNI  |c 1995 
300 |a 174 p. :il. 
502 |a Tesis (Ingeniero Mecánico)- UNI, 1995. 
520 3 |a El objetivo fundamental del presente trabajo consiste en un análisis de los principales parámetros de diseño que influyen sobre las curvas características de una bomba centrífuga. Construcción de las curvas características de los cinco rodetes del banco de pruebas Bomba/Turbina con todas las combinaciones posibles de rotor, tipo de difusor y tipo de entrada a la succión del rodete, construcción de triángulos de velocidades y presenta guías de laboratorio para la utilización del banco de prue 
650 7 |a BOMBAS 
650 7 |b BOMBAS CENTRIFUGAS 
700 1 |a Tutor:  |b Sonzini Meroi, Luis E. 
942 |c BK  |2 ddc 
991 |a TESIS 
999 |c 15716